| 000 | 01795nam0a2200361 4500 | ||
|---|---|---|---|
| 001 | RU\NLR\bibl\903622 | ||
| 005 | 20260405105853.0 | ||
| 010 |
_a5-89329-802-4 _91000 |
||
| 021 |
_aRU _b2005-75292 _93712 |
||
| 035 | _a(nilc)RSL-KNO-002773866 | ||
| 035 | _a(NLR Aleph) 000892042 | ||
| 090 |
_a1724483 _c1724483 |
||
| 100 | _a20051117d2005 |||y0rusy50 ca | ||
| 101 | 1 |
_arus _cgrc |
|
| 102 | _aRU | ||
| 105 | _aa ||||||||| | ||
| 106 | _ar | ||
| 200 | 1 |
_aСтратегика _fНикифор II Фока _gпер. со среднегреч. и коммент. А. К. Нефедкина |
|
| 210 |
_aСПб. _cАлетейя _cИсторическая книга _d2005 _gГУП Тип. Наука |
||
| 215 |
_a278, [10] с. _cил. _d17 |
||
| 225 | 1 |
_aСерия "Византийская библиотека" _iИсточники _fредкол.: Г.Г. Литаврин [и др.] |
|
| 320 | _aБиблиогр.: с. 273-278 и в подстроч. прим. | ||
| 604 |
_1700#0$aНикифор$dII Фока$cимператор византийский$f912 - 969 _150010$a"Стратегика"$2nlr_sh2$3RU\NLR\AUTH\661448563 _3RU\NLR\AUTH\661448563 _aНикифор (император византийский ; 912 - 969) _t"Стратегика" _92434091 |
||
| 610 | 0 | _aИстория. Исторические науки -- Всемирная история -- Византия -- 7-12 вв. -- Источники | |
| 686 |
_aТ3(0)442,012 _2rubbk |
||
| 686 | _aЦ1,8(0)2 | ||
| 700 | 0 |
_4070 _7ca _8rus _aНикифор _cимператор византийский _dII Фока _f912-969 _924081 _3RU\NLR\AUTH\7741131 |
|
| 801 | 0 |
_aRU _bRuMoRKP _c20051117 _grcr |
|
| 801 | 1 |
_aRU _bRuMoRGB _c20051117 |
|
| 801 | 2 |
_aRU _bNLR _c20060204 _grcr |
|
| 942 | _cBOOK | ||
| 980 | _aNB | ||